Statistics for Game Birds - difficult

Click here to take the quiz!

General Stats

  • This quiz has been taken 28 times
  • The average score is 10 of 21

Answer Stats

HintAnswer% Correct
Daffy, DonaldDuck
96%
Similar in name to a lower-class citizenPheasant
83%
Almost US national birdTurkey
83%
Rather have it on a plate instead of a pear treePartridge
79%
Common convenience store logoGoose
71%
Prarie Chicken, e.g.Grouse
67%
Ark inhabitantDove
63%
Arguably defeated the Australian military in 1932Emu
58%
"Pet speckled hen", name included in that of four nationsGuineafowl
58%
Small, nests on groundQuail
58%
NevermoreRaven
54%
Palegic sea birds of western europePuffin
46%
Wading bird with a long, thin bill; also a long-ranged fatalitySnipe
46%
Bird of the family Alcidae, includes aboveAuk
38%
Official game bird of Nanavut. Popular Iceland dish. Pain to spellPtarmigan
38%
Similar to above, has 360 degree visionWoodcock
38%
Gregarious duck, found in wetlandsTeal
33%
Broad term for species of diving ducksPochard
17%
Originated from AfricaFrancolin
8%
Common to the Central Asian Steppe and throughout AfricaSand Grouse
8%
"heather cock", UK bird banned from being huntedCappercaillie
4%

Score Distribution

Percentile by Number Answered

Percent of People with Each Score

Your Score History

You have not taken this quiz